00507nam a2200145Ia 450000500170000000800460001703700120006304000210007504100130009608400290010924500980013824500260023626000900026230000090035220250508151309.0008 250505s9999 xx 000 0 eng d aTextual aFEDL bengcFEDL aeng2eng a379.230 993 1, UNEqFEDL 0aCompulsory education in New Zealand: A study initiated by the National Commission for Unesco 0cUNESCO (Paris France) aParis, FrancebUnited Nations Educational, Scientific and Cultural Organizationc1952 a134p